South Eastern Kenya University

Library Online Public Access Catalogue


The science of psychology : (Record no. 9050)

MARC details
000 -LEADER
fixed length control field 00472nam a2200157 4500
020 ## - INTERNATIONAL STANDARD BOOK NUMBER
International Standard Book Number 9780073532066 (alk. paper)
020 ## - INTERNATIONAL STANDARD BOOK NUMBER
International Standard Book Number 0073532061 (alk. paper)
050 ## - LIBRARY OF CONGRESS CALL NUMBER
Classification number BF 77
Item number .K53 2011
100 ## - MAIN ENTRY--PERSONAL NAME
Personal name King, Laura A.
245 ## - TITLE STATEMENT
Title The science of psychology :
Remainder of title an appreciative view
Statement of responsibility, etc. Laura A. King
250 ## - EDITION STATEMENT
Edition statement 2nd ed.
260 ## - PUBLICATION, DISTRIBUTION, ETC. (IMPRINT)
Place of publication, distribution, etc. New York :
Name of publisher, distributor, etc. McGraw-Hill,
Date of publication, distribution, etc. c2011.
300 ## - PHYSICAL DESCRIPTION
Extent several pagings
650 ## - SUBJECT ADDED ENTRY--TOPICAL TERM
Topical term following geographic name as entry element Psychology--Study and teaching.
942 ## - ADDED ENTRY ELEMENTS (KOHA)
Source of classification or shelving scheme Library of Congress Classification
Koha item type General circulation
Holdings
Withdrawn status Lost status Source of classification or shelving scheme Damaged status Not for loan Home library Current library Shelving location Date acquired Total Checkouts Full call number Barcode Date last seen Date last checked out Koha item type
    Library of Congress Classification     Kitui Town Campus Library Kitui Town Campus Library General Stacks 15/02/2016 1 BF 77 .K5 2011 2016/013367 15/11/2016 08/11/2016 General circulation
    Library of Congress Classification     Main Campus Library Main Campus Library General Stacks 18/09/2015 1 BF 77 .K5 2011 2015/007576 26/11/2023 15/10/2019 General circulation
    Library of Congress Classification     Wote Campus Library Wote Campus Library   18/09/2015   BF 77 .K5 2011 2016/011000 18/10/2016   General circulation
Kitui, Kenya.
+254736116989
library@seku.ac.ke